| 000 | 00669nam0a22002411 4500 | ||
|---|---|---|---|
| 001 | rc\657833 | ||
| 005 | 20250621201640.0 | ||
| 035 | _a(NLR Aleph) 005897292 | ||
| 090 |
_a6239769 _c6239769 |
||
| 100 | _a20031121d1986 |||y0rusy50 ca | ||
| 101 | 0 | _arus | |
| 102 | _aRU | ||
| 105 | _ay ||||||||| | ||
| 200 | 1 | _aЭтажи регуляции | |
| 210 |
_aМ. _cСов. Россия _d1986 |
||
| 215 |
_a77, [2] с. _d17 |
||
| 225 | 1 | _aИскусство быть здоровым | |
| 700 | 1 |
_aЯглов _bВ.В. _gВалентин Васильевич |
|
| 801 | 0 |
_aRU _bNLR _gpsbo |
|
| 801 | 1 |
_aRU _bELAR _2rusmarc |
|
| 852 |
_aNLR _j86-2/2653 |
||
| 942 | _cBOOK | ||
| 980 | _aNB | ||